[Event "Thüringenliga 2015/2016"]
[Site "?"]
[Date "2016.02.14"]
[Round "6"]
[White "Jung, Florian"]
[Black "Fijalkowski, Jürgen"]
[Result "1-0"]
[WhiteElo "1857"]
[BlackElo "1829"]
[PlyCount "57"]
[EventDate "2016.??.??"]
[WhiteTeam "SV Jenapharm Jena"]
[BlackTeam "VfL 1990 Gera"]

1. Nf3 Nf6 2. g3 d5 3. Bg2 c6 4. d4 h6 5. O-O Bf5 6. c4 dxc4 7. a4 e6 8. Re1
Na6 9. Ne5 Bxb1 10. Rxb1 Bb4 11. Rf1 O-O 12. Nxc4 Nd5 13. e4 Nb6 14. Ne5 Rc8
15. Qh5 Qxd4 16. Be3 Qd8 17. Rbd1 Qe7 18. Ng4 f5 19. Ne5 Qf6 20. Nd7 Nxd7 21.
Rxd7 Bc5 22. e5 Qxe5 23. Bxh6 Qxb2 24. Qg6 Bd4 25. Rd1 Bf6 26. Rxg7+ Bxg7 27.
Rd7 Rc7 28. Bxg7 Qxg7 29. Qxg7# 1-0

[Event "Thüringenliga 2015/2016"]
[Site "?"]
[Date "2016.02.14"]
[Round "6"]
[White "Neidig, Stefan"]
[Black "Kölsch, Maximilian"]
[Result "1/2-1/2"]
[WhiteElo "2172"]
[BlackElo "2192"]
[PlyCount "62"]
[EventDate "2016.??.??"]
[WhiteTeam "TSG Apolda"]
[BlackTeam "SV Schott Jena"]

1. e4 c5 2. Nf3 e6 3. d4 cxd4 4. Nxd4 a6 5. Bd3 Nc6 6. Nxc6 dxc6 7. Nd2 e5 8.
Nc4 Bc5 9. Qh5 Bd4 10. Be3 Nf6 11. Qg5 O-O 12. Bxd4 exd4 13. O-O Be6 14. e5 Ng4
15. Qxd8 Raxd8 16. h3 b5 17. hxg4 bxc4 18. Bf5 Bd5 19. b3 g6 20. bxc4 gxf5 21.
cxd5 Rxd5 22. gxf5 Rxe5 23. Rfd1 Rd8 24. f6 h5 25. Rd3 Rc5 26. Rad1 Rxc2 27.
Rxd4 Rxd4 28. Rxd4 Rxa2 29. Rc4 Kh7 30. Rxc6 Kg6 31. f3 Kf5 1/2-1/2

[Event "Thüringenliga 2015/2016"]
[Site "?"]
[Date "2016.02.14"]
[Round "6"]
[White "Dreyer, Michael"]
[Black "Middelhoff, Cornelius"]
[Result "1/2-1/2"]
[WhiteElo "2082"]
[BlackElo "2116"]
[PlyCount "27"]
[EventDate "2016.??.??"]
[WhiteTeam "SV Schott Jena"]
[BlackTeam "TSG Apolda"]

1. e4 c5 2. d3 d5 3. Nd2 Nf6 4. Ngf3 Nc6 5. c3 e5 6. Be2 Be7 7. O-O O-O 8. b3
Re8 9. Bb2 Bf8 10. Qc2 g6 11. Rfd1 Bg7 12. Bf1 Rb8 13. a3 Qe7 14. b4 1/2-1/2

[Event "Thüringenliga 2015/2016"]
[Site "?"]
[Date "2016.02.14"]
[Round "6"]
[White "Goemann, Jens"]
[Black "Brömel, Richard"]
[Result "1-0"]
[WhiteElo "2073"]
[BlackElo "2064"]
[PlyCount "49"]
[EventDate "2016.??.??"]
[WhiteTeam "TSG Apolda"]
[BlackTeam "SV Schott Jena"]

1. g3 d5 2. Bg2 c6 3. Nf3 Bf5 4. c4 e6 5. b3 Be7 6. Bb2 Bf6 7. d4 Bxb1 8. Qxb1
Nd7 9. O-O Ne7 10. e4 dxe4 11. Qxe4 O-O 12. Rad1 Rb8 13. Ba3 Re8 14. Ne5 Nf8
15. Bc5 Bxe5 16. dxe5 Qc8 17. Rd2 a6 18. Rfd1 b5 19. Bd6 Rb7 20. cxb5 Rxb5 21.
Bxe7 Rxe7 22. Rd8 Qc7 23. Qxc6 Qxc6 24. Bxc6 Rxe5 25. Rxf8+ 1-0

[Event "Thüringenliga 2015/2016"]
[Site "?"]
[Date "2016.02.14"]
[Round "6"]
[White "Bunke, Wilfried"]
[Black "Rohmeiß, Roberto"]
[Result "1/2-1/2"]
[WhiteElo "1910"]
[BlackElo "1973"]
[PlyCount "49"]
[EventDate "2016.??.??"]
[WhiteTeam "SV Schott Jena"]
[BlackTeam "TSG Apolda"]

1. d4 Nf6 2. c4 g6 3. Nc3 Bg7 4. e4 d6 5. Be2 c5 6. Nf3 O-O 7. O-O cxd4 8. Nxd4
Nc6 9. Be3 a6 10. f4 Bd7 11. Rc1 Rc8 12. b3 Nxd4 13. Bxd4 Bc6 14. Bf3 e6 15. e5
dxe5 16. Bxe5 Qb6+ 17. Bd4 Qa5 18. Qe2 Rfd8 19. Be5 Rd7 20. Rfd1 Rcd8 21. Rxd7
Rxd7 22. Rd1 Qd8 23. Rxd7 Qxd7 24. Bxc6 Qxc6 25. Qd3 1/2-1/2

[Event "Thüringenliga 2015/2016"]
[Site "?"]
[Date "2016.02.14"]
[Round "6"]
[White "Mucha, Annegret"]
[Black "Schmidt, Lothar"]
[Result "1/2-1/2"]
[WhiteElo "1992"]
[BlackElo "1855"]
[PlyCount "68"]
[EventDate "2016.??.??"]
[WhiteTeam "TSG Apolda"]
[BlackTeam "SV Schott Jena"]

1. Nc3 g6 2. e4 Bg7 3. f4 d6 4. Nf3 e6 5. Bc4 a6 6. a4 Ne7 7. O-O Nbc6 8. d3
O-O 9. Qe1 Nd4 10. Nxd4 Bxd4+ 11. Kh1 Bg7 12. g4 Kh8 13. Rf3 f5 14. g5 d5 15.
Bb3 Re8 16. Rh3 Kg8 17. Bd2 b6 18. Kg1 c5 19. exd5 Nxd5 20. Qh4 Bd4+ 21. Kf1
Ra7 22. Re1 Rae7 23. Nd1 Qd6 24. c3 Bh8 25. Nf2 b5 26. axb5 axb5 27. c4 Nc7 28.
Bc3 b4 29. Bxh8 Kxh8 30. Ba4 Bd7 31. Bxd7 Rxd7 32. Re5 Ra8 33. Rhe3 Ra1+ 34.
Re1 Rxe1+ 1/2-1/2

[Event "Thüringenliga 2015/2016"]
[Site "?"]
[Date "2016.02.14"]
[Round "6"]
[White "Jordan, Gunter"]
[Black "Carnot, Luca"]
[Result "1/2-1/2"]
[WhiteElo "1899"]
[BlackElo "1849"]
[PlyCount "63"]
[EventDate "2016.??.??"]
[WhiteTeam "SV Schott Jena"]
[BlackTeam "TSG Apolda"]

1. d4 Nf6 2. c4 e5 3. e3 exd4 4. exd4 Bb4+ 5. Bd2 Qe7+ 6. Qe2 O-O 7. Qxe7 Bxe7
8. Bd3 d5 9. Nf3 Nc6 10. Nc3 Nb4 11. Bb1 dxc4 12. Ne5 Be6 13. a3 Na6 14. Ba2 c5
15. Nb5 cxd4 16. Nxd4 Bd5 17. Bxc4 Bxc4 18. Nxc4 Bc5 19. Be3 Ng4 20. Rd1 Rad8
21. O-O Nxe3 22. fxe3 Nc7 23. b4 Be7 24. Rd3 Bg5 25. Rfd1 Rfe8 26. Nf5 Rxd3 27.
Rxd3 b5 28. Rd7 bxc4 29. Rxc7 g6 30. Nd6 Bxe3+ 31. Kf1 Re6 32. Nxc4 1/2-1/2

[Event "Thüringenliga 2015/2016"]
[Site "?"]
[Date "2016.02.14"]
[Round "6"]
[White "Maiwald, Harald"]
[Black "Schulz, Uwe"]
[Result "1-0"]
[WhiteElo "1989"]
[BlackElo "1723"]
[PlyCount "61"]
[EventDate "2016.??.??"]
[WhiteTeam "TSG Apolda"]
[BlackTeam "SV Schott Jena"]

1. Nf3 c5 2. g3 g6 3. Bg2 Bg7 4. d4 cxd4 5. Nxd4 Nc6 6. Nb3 d6 7. O-O Nf6 8.
Nc3 O-O 9. e4 Rb8 10. Qe2 Bd7 11. Bf4 a6 12. a4 h6 13. Rfd1 Ne5 14. Nd5 Nxd5
15. exd5 Qc8 16. Bxe5 Bxe5 17. c3 Qc7 18. Qe3 Kh7 19. Nd4 Bf6 20. Be4 Rbe8 21.
h4 Kg7 22. h5 Bg5 23. f4 f5 24. fxg5 fxe4 25. gxh6+ Kh7 26. hxg6+ Kxg6 27.
Qxe4+ Kxh6 28. Kg2 Rh8 29. Rh1+ Kg7 30. Rxh8 Rxh8 31. Qxe7+ 1-0

[Event "Thüringenliga 2015/2016"]
[Site "?"]
[Date "2016.02.14"]
[Round "6"]
[White "Falk, Peter"]
[Black "Schmidt, Matthias"]
[Result "0-1"]
[WhiteElo "1549"]
[BlackElo "1946"]
[PlyCount "78"]
[EventDate "2016.??.??"]
[WhiteTeam "SV Schott Jena"]
[BlackTeam "TSG Apolda"]

1. e4 g6 2. d4 Bg7 3. c4 d6 4. Nc3 Nd7 5. Nf3 c6 6. Be3 Ngf6 7. h3 e5 8. dxe5
dxe5 9. Qd2 O-O 10. Rd1 Qe7 11. Qd6 Qxd6 12. Rxd6 Re8 13. Be2 Bf8 14. Rd1 Bb4
15. Nd2 Nc5 16. O-O Bxc3 17. bxc3 Ncxe4 18. Nxe4 Nxe4 19. Rc1 Be6 20. Rfd1 Red8
21. Rxd8+ Rxd8 22. a3 a6 23. Kh2 f5 24. f4 exf4 25. Bxf4 g5 26. Be5 Rd2 27. Bf1
Kf7 28. Rb1 Bc8 29. c5 Ke6 30. Bd4 f4 31. Bc4+ Kf5 32. Bg8 Kg6 33. Re1 Bf5 34.
Bc4 Ng3 35. Re7 Be4 36. Bf7+ Kh6 37. Re6+ Bg6 38. Bxg6 hxg6 39. Re7 Nf5 0-1

[Event "Landesklasse Ost 2015/2016"]
[Site "?"]
[Date "2016.03.13"]
[Round "7"]
[White "Anschütz, Mario"]
[Black "Dietrich, Mareike"]
[Result "1/2-1/2"]
[WhiteElo "1868"]
[BlackElo "1604"]
[PlyCount "69"]
[EventDate "2016.??.??"]
[WhiteTeam "SSV Vimaria 91 Weimar"]
[BlackTeam "SV Empor Erfurt"]

1. d4 Nf6 2. c4 e6 3. Nc3 Bb4 4. a3 Bxc3+ 5. bxc3 c5 6. e3 O-O 7. Bd3 Nc6 8.
Ne2 b6 9. O-O cxd4 10. cxd4 d5 11. cxd5 Qxd5 12. Qc2 h6 13. e4 Qd7 14. Bb2 Bb7
15. Rad1 Rac8 16. Qd2 Qe7 17. Qe3 Rfd8 18. f4 Na5 19. Rc1 a6 20. f5 Nxe4 21.
Qf4 Nf6 22. Rce1 Nc4 23. Bc1 e5 24. Qg3 Kh8 25. Bxc4 Rxc4 26. Qxe5 Qd6 27. Qxd6
Rxd6 28. Bf4 Rd7 29. Be5 Ng4 30. f6 g6 31. Nf4 g5 32. Ng6+ Kg8 33. Ne7+ Kh8 34.
Nf5 Rc2 35. Rf3 1/2-1/2

[Event "Landesklasse Ost 2015/2016"]
[Site "?"]
[Date "2016.03.13"]
[Round "7"]
[White "Renner, Wolfgang"]
[Black "Plontke, Ingo"]
[Result "0-1"]
[WhiteElo "1689"]
[BlackElo "1855"]
[PlyCount "68"]
[EventDate "2016.??.??"]
[WhiteTeam "SV Empor Erfurt"]
[BlackTeam "SSV Vimaria 91 Weimar"]

1. Nf3 d6 2. d4 f5 3. g3 g6 4. c4 Bg7 5. Bg2 Nf6 6. Nc3 O-O 7. O-O Qe8 8. d5
Na6 9. Ng5 h6 10. Ne6 Bxe6 11. dxe6 c6 12. e4 fxe4 13. Nxe4 Nxe4 14. Bxe4 Nc5
15. Bc2 Nxe6 16. Qg4 Rf6 17. Bd2 h5 18. Qh4 c5 19. Rae1 Nd4 20. Bd1 e5 21. f4
Qd8 22. Kg2 Rf7 23. Qh3 Qd7 24. Qxd7 Rxd7 25. fxe5 dxe5 26. Bg5 Re8 27. Ba4 Nc6
28. Bf6 Rd2+ 29. Kg1 Re6 30. Bxg7 Kxg7 31. Rf2 Rxf2 32. Kxf2 Nd4 33. Ke3 Ra6
34. b3 Nc2+ 0-1

[Event "Landesklasse Ost 2015/2016"]
[Site "?"]
[Date "2016.03.13"]
[Round "7"]
[White "Vogel, Steffen"]
[Black "Kompe, Jörg"]
[Result "1/2-1/2"]
[WhiteElo "1803"]
[BlackElo "1828"]
[PlyCount "128"]
[EventDate "2016.??.??"]
[WhiteTeam "SSV Vimaria 91 Weimar"]
[BlackTeam "SV Empor Erfurt"]

1. d4 Nf6 2. Nf3 g6 3. c4 Bg7 4. Nc3 d5 5. e3 O-O 6. Bd3 c5 7. O-O dxc4 8. Bxc4
Qc7 9. d5 a6 10. a4 Bg4 11. h3 Bxf3 12. Qxf3 Nbd7 13. Qe2 Nb6 14. e4 Nxc4 15.
Qxc4 Nd7 16. f4 Nb6 17. Qe2 Bd4+ 18. Be3 Bxe3+ 19. Qxe3 Rad8 20. Rfc1 Nc4 21.
Qe2 Na5 22. Rf1 Nb3 23. Rad1 Nd4 24. Qc4 Qa5 25. Rf2 Rc8 26. Ne2 b5 27. axb5
axb5 28. Qd3 Nxe2+ 29. Rxe2 c4 30. Qd4 c3 31. bxc3 Qxc3 32. Qxc3 Rxc3 33. Rb1
Rb8 34. Rb4 Rc4 35. Reb2 Rbc8 36. Kf2 Kg7 37. Ke3 Rc3+ 38. Kd2 Rg3 39. Kd1 Rd3+
40. Ke2 Rg3 41. Kf2 Rd3 42. Rxb5 Rc4 43. Re2 Rdd4 44. Kf3 f5 45. exf5 Rxf4+ 46.
Kg3 Rfe4 47. Rxe4 Rxe4 48. fxg6 hxg6 49. Kf3 Re1 50. Rb2 Re5 51. Rd2 Rh5 52.
Ke4 Kf7 53. Rf2+ Ke8 54. Rf3 Kd7 55. g4 Rg5 56. Rc3 e6 57. Rd3 Kd6 58. Kf4 Rxd5
59. Rxd5+ Kxd5 60. h4 e5+ 61. Kf3 Kd4 62. h5 e4+ 63. Ke2 gxh5 64. gxh5 Ke5
1/2-1/2

[Event "Landesklasse Ost 2015/2016"]
[Site "?"]
[Date "2016.03.13"]
[Round "7"]
[White "Wahlicht, Mike"]
[Black "Mitter, Frank"]
[Result "0-1"]
[WhiteElo "1731"]
[BlackElo "1767"]
[PlyCount "106"]
[EventDate "2016.??.??"]
[WhiteTeam "SV Empor Erfurt"]
[BlackTeam "SSV Vimaria 91 Weimar"]

1. e4 c5 2. c3 Nf6 3. e5 Nd5 4. Bc4 Nb6 5. Bb3 e6 6. Nf3 d5 7. exd6 Bxd6 8. Na3
Nc6 9. Nb5 Be7 10. d4 c4 11. Bc2 O-O 12. b3 a6 13. Na3 cxb3 14. axb3 Nd5 15.
O-O g6 16. Bd2 Nf6 17. Nc4 b6 18. Nfe5 Bb7 19. Ne3 Qc7 20. f4 Rac8 21. Bd3 b5
22. N3g4 Nxg4 23. Qxg4 f5 24. Qg3 Nxe5 25. fxe5 Qc6 26. Be2 Qb6 27. Bf3 Bxf3
28. Rxf3 b4 29. h4 bxc3 30. Bxc3 Bb4 31. Rd1 Rfd8 32. Kh2 Be7 33. Qf4 Rd5 34.
g4 Rf8 35. gxf5 Rxf5 36. Qg4 Rfxe5 37. Rdf1 Rf5 38. Re1 Rxf3 39. Qxf3 Rf5 40.
Qe4 Qd6+ 41. Kg2 Rf4 42. Qxe6+ Qxe6 43. Rxe6 Bxh4 44. Rxa6 Rf2+ 45. Kg1 Rc2 46.
Ba1 Be7 47. Kf1 Kf7 48. Ke1 h5 49. Kd1 Rg2 50. Bc3 h4 51. Ke1 h3 52. Kf1 Rc2
53. Ba5 h2 0-1

[Event "Landesklasse Ost 2015/2016"]
[Site "?"]
[Date "2016.03.13"]
[Round "7"]
[White "Reichardt, Albert"]
[Black "Ulrich, Thomas"]
[Result "1-0"]
[WhiteElo "1675"]
[BlackElo "1467"]
[PlyCount "46"]
[EventDate "2016.??.??"]
[WhiteTeam "SSV Vimaria 91 Weimar"]
[BlackTeam "SV Empor Erfurt"]

1. e4 e5 2. Nf3 Nc6 3. Bb5 a6 4. Ba4 b5 5. Bb3 Nf6 6. Ng5 d5 7. exd5 Nxd5 8.
Qf3 Be6 9. Nxe6 fxe6 10. Nc3 Nce7 11. Ne4 Ng6 12. d3 Be7 13. g3 Rf8 14. Qg4 Qd7
15. h4 Rf7 16. Bg5 O-O-O 17. Bxe7 Rxe7 18. O-O Nf6 19. Nxf6 gxf6 20. Qf3 c6 21.
h5 Nf8 22. Qxf6 Qc7 23. Rae1 Nd7 1-0

[Event "Landesklasse Ost 2015/2016"]
[Site "?"]
[Date "2016.03.13"]
[Round "7"]
[White "Aydin, Benjamin"]
[Black "Lieke, Arno"]
[Result "1-0"]
[WhiteElo "1691"]
[BlackElo "1641"]
[PlyCount "83"]
[EventDate "2016.??.??"]
[WhiteTeam "SV Empor Erfurt"]
[BlackTeam "SSV Vimaria 91 Weimar"]

1. e4 c6 2. d4 d5 3. e5 Bf5 4. Bd3 Bxd3 5. Qxd3 e6 6. f4 Qb6 7. Nf3 Qa6 8. Qd1
Ne7 9. Nbd2 Nf5 10. Nf1 Be7 11. Ne3 Nxe3 12. Bxe3 Nd7 13. c3 c5 14. Qe2 Qxe2+
15. Kxe2 Rc8 16. Rac1 O-O 17. a3 Nb6 18. Nd2 cxd4 19. cxd4 Na4 20. b4 Nc3+ 21.
Kd3 Nb5 22. a4 Na3 23. b5 Bb4 24. Nb3 b6 25. Bd2 Bxd2 26. Nxd2 Rfd8 27. Rc6 a6
28. Ra1 Rxc6 29. bxc6 Nc4 30. Nxc4 dxc4+ 31. Kxc4 Rc8 32. d5 exd5+ 33. Kxd5
Rd8+ 34. Ke4 Rc8 35. Rc1 Kf8 36. f5 Ke7 37. Kd5 Rd8+ 38. Kc4 g6 39. c7 Rc8 40.
Kd5 gxf5 41. Kc6 b5 42. Kb7 1-0

[Event "Landesklasse Ost 2015/2016"]
[Site "?"]
[Date "2016.03.13"]
[Round "7"]
[White "Volland, Ralf"]
[Black "Quednau, Klaus"]
[Result "1/2-1/2"]
[WhiteElo "1504"]
[BlackElo "1905"]
[PlyCount "106"]
[EventDate "2016.??.??"]
[WhiteTeam "SSV Vimaria 91 Weimar"]
[BlackTeam "SV Empor Erfurt"]

1. d4 Nf6 2. Nf3 c5 3. c3 e6 4. Bf4 d5 5. e3 Nc6 6. Nbd2 Be7 7. dxc5 Bxc5 8.
Ne5 Nxe5 9. Bxe5 O-O 10. Bd3 Bd6 11. Bxf6 Qxf6 12. O-O e5 13. e4 Qg6 14. Qf3
Bg4 15. exd5 Bxf3 16. Bxg6 Bxd5 17. Be4 Be6 18. Bc2 f5 19. Bb3 Kf7 20. Rad1
Rad8 21. Nc4 Bc7 22. Ne3 Bxb3 23. axb3 Ke6 24. Rxd8 Rxd8 25. Rd1 Rxd1+ 26. Nxd1
b5 27. Kf1 e4 28. h3 f4 29. b4 Kd5 30. b3 Be5 31. Ke2 g5 32. g3 fxg3 33. fxg3
Bxg3 34. Ne3+ Ke6 35. c4 a6 36. Nd1 Ke5 37. cxb5 axb5 38. Nc3 Kf4 39. Nxb5 g4
40. hxg4 Kxg4 41. Nd4 h5 42. Kf1 h4 43. b5 Bc7 44. Nc2 Bb6 45. Kg2 h3+ 46. Kh2
Bc7+ 47. Kg1 Kf3 48. Nd4+ Ke3 49. Nf5+ Kd2 50. b6 Bb8 51. Kf2 h2 52. Kg2 e3 53.
Nxe3 Kxe3 1/2-1/2

[Event "Landesklasse Ost 2015/2016"]
[Site "?"]
[Date "2016.03.13"]
[Round "7"]
[White "Trautmann, Johannes"]
[Black "Assmann, Winfried"]
[Result "1-0"]
[WhiteElo "1688"]
[BlackElo "1564"]
[PlyCount "57"]
[EventDate "2016.??.??"]
[WhiteTeam "SV Empor Erfurt"]
[BlackTeam "SSV Vimaria 91 Weimar"]

1. c4 Nf6 2. Nc3 g6 3. Nf3 Bg7 4. d4 d6 5. g3 O-O 6. Bg2 Nc6 7. O-O e5 8. dxe5
Nxe5 9. Nxe5 dxe5 10. Bg5 h6 11. Qxd8 Rxd8 12. Bxf6 Bxf6 13. Nd5 Bg7 14. Nxc7
Rb8 15. Nd5 Be6 16. Rfd1 Kf8 17. e4 Rdc8 18. Rac1 Rc6 19. b4 Rbc8 20. Bf1 Ra6
21. Rc2 Ra4 22. Rb1 Ke8 23. Rb3 Bg4 24. f3 Be6 25. c5 Bd7 26. Nc3 a5 27. Nxa4
Bxa4 28. bxa5 Ra8 29. Bb5+ 1-0

[Event "Landesklasse Ost 2015/2016"]
[Site "?"]
[Date "2016.03.13"]
[Round "7"]
[White "Pichl, Michael"]
[Black "Schulz, Phillip"]
[Result "1-0"]
[WhiteElo "1961"]
[BlackElo "1657"]
[PlyCount "101"]
[EventDate "2016.??.??"]
[WhiteTeam "SV Empor Erfurt"]
[BlackTeam "SV Hermsdorf"]

1. g3 c5 2. Bg2 Nc6 3. c4 g6 4. Nc3 Bg7 5. Nf3 d6 6. a3 Bf5 7. O-O Qd7 8. Re1
Nf6 9. d3 O-O 10. Rb1 Nd4 11. b4 Bh3 12. Bh1 Nxf3+ 13. Bxf3 Ng4 14. Ne4 cxb4
15. axb4 Ne5 16. Bh1 h6 17. Bb2 f5 18. Nd2 f4 19. Nf3 fxg3 20. hxg3 Qf5 21. Bg2
Bxg2 22. Kxg2 Rf7 23. Bxe5 Bxe5 24. Rf1 Bg7 25. Qd2 b6 26. b5 Qc5 27. Rh1 Raf8
28. Rh4 g5 29. Re4 Qf5 30. g4 Qd7 31. Rh1 Rf4 32. Rxf4 Rxf4 33. Nh2 d5 34. e3
Rf7 35. Qe2 Qb7 36. f3 Qd7 37. Nf1 dxc4 38. dxc4 Rf8 39. Ng3 e6 40. Rd1 Qc7 41.
Qd3 Rc8 42. Rc1 Rd8 43. Qe2 Qc5 44. Ne4 Qa3 45. Rc2 Rd3 46. Kf2 Rd8 47. c5 bxc5
48. Nxc5 Rd6 49. Qc4 Qa1 50. Nxe6 Kh7 51. Qe4+ 1-0

[Event "Landesklasse Ost 2015/2016"]
[Site "?"]
[Date "2016.03.13"]
[Round "7"]
[White "Bülau, Daniel"]
[Black "Taudte, Stefan"]
[Result "0-1"]
[WhiteElo "1672"]
[BlackElo "1947"]
[PlyCount "50"]
[EventDate "2016.??.??"]
[WhiteTeam "SV Hermsdorf"]
[BlackTeam "SV Empor Erfurt"]

1. e4 e6 2. d4 d5 3. exd5 exd5 4. Bd3 Bd6 5. Nf3 Ne7 6. O-O Bg4 7. Bg5 f6 8.
Bh4 Nbc6 9. c3 Qd7 10. Nbd2 h5 11. Qc2 O-O-O 12. b4 Nf5 13. a4 Nce7 14. Bb5 c6
15. Bd3 g5 16. Bg3 Nxg3 17. fxg3 h4 18. gxh4 Kb8 19. Rae1 Rdg8 20. Nb3 gxh4 21.
Nc5 Qc7 22. Ne6 Bxe6 23. Rxe6 h3 24. Re2 hxg2 25. Rxg2 Bxh2+ 0-1

[Event "Landesklasse Ost 2015/2016"]
[Site "?"]
[Date "2016.03.13"]
[Round "7"]
[White "Elkhanov, Leonid"]
[Black "Pietzsch, Gerhard"]
[Result "1-0"]
[WhiteElo "1827"]
[BlackElo "1846"]
[PlyCount "79"]
[EventDate "2016.??.??"]
[WhiteTeam "SV Empor Erfurt"]
[BlackTeam "SV Hermsdorf"]

1. e4 c5 2. Nf3 Nc6 3. Nc3 d6 4. d3 Nf6 5. Be2 e6 6. O-O Be7 7. h3 O-O 8. Nh2
d5 9. Bf3 d4 10. Ne2 Ne5 11. Ng3 Qc7 12. Be2 Bd6 13. f4 Ng6 14. e5 Nxe5 15. Ne4
Nxe4 16. dxe4 Nc6 17. e5 Be7 18. Bd3 f5 19. g4 Nd8 20. b3 b6 21. gxf5 exf5 22.
Qh5 g6 23. Qe2 Be6 24. Nf3 Nf7 25. Bc4 Qc6 26. a4 Kg7 27. h4 Bxc4 28. Qxc4 a6
29. Nxd4 Qb7 30. Ne6+ Kg8 31. Nxf8 Rxf8 32. Bb2 Rd8 33. Rad1 Rxd1 34. Rxd1 Qf3
35. Rd7 Qg3+ 36. Kf1 Qf3+ 37. Ke1 Bxh4+ 38. Kd2 Qf2+ 39. Kc1 Qe1+ 40. Rd1 1-0

[Event "Landesklasse Ost 2015/2016"]
[Site "?"]
[Date "2016.03.13"]
[Round "7"]
[White "Baulig, Manuel"]
[Black "Nicolai, Tim"]
[Result "0-1"]
[WhiteElo "1681"]
[BlackElo "1853"]
[PlyCount "60"]
[EventDate "2016.??.??"]
[WhiteTeam "SV Hermsdorf"]
[BlackTeam "SV Empor Erfurt"]

1. d4 f5 2. c4 Nf6 3. Nc3 e6 4. g3 Be7 5. Bg2 d6 6. Nf3 O-O 7. O-O Ne4 8. Qc2
Nxc3 9. bxc3 Nc6 10. Rb1 Qe8 11. Ba3 e5 12. e3 Rf6 13. Qd1 Rh6 14. Nd2 g5 15.
Nb3 g4 16. Bd5+ Kh8 17. f4 e4 18. c5 Rh3 19. cxd6 cxd6 20. Nd2 Qg6 21. Nc4 h5
22. Kg2 h4 23. Rh1 Kg7 24. Qa4 hxg3 25. hxg3 Be6 26. Bxe6 Qxe6 27. Rxb7 Rxh1
28. Kxh1 Rh8+ 29. Kg1 Qh6 30. Kf2 Qh1 0-1

[Event "Landesklasse Ost 2015/2016"]
[Site "?"]
[Date "2016.03.13"]
[Round "7"]
[White "Strauch, Martin"]
[Black "Osterroth, Reinhard"]
[Result "1/2-1/2"]
[WhiteElo "1766"]
[BlackElo "1796"]
[PlyCount "81"]
[EventDate "2016.??.??"]
[WhiteTeam "SV Empor Erfurt"]
[BlackTeam "SV Hermsdorf"]

1. e4 c6 2. d4 d5 3. exd5 cxd5 4. Bd3 Nc6 5. c3 Nf6 6. h3 g6 7. Nf3 Bg7 8. O-O
Bf5 9. Bf4 Bxd3 10. Qxd3 O-O 11. Nbd2 a6 12. Rfe1 Re8 13. Ne5 Qc8 14. Ndf3 Qf5
15. Qe3 Ne4 16. c4 Nf6 17. g4 Qc8 18. Ng5 Rf8 19. c5 e6 20. a3 Ne8 21. Ngf3
Nxe5 22. Nxe5 Nf6 23. b4 Nd7 24. Nd3 Nb8 25. Ne5 Nc6 26. Reb1 Nxe5 27. Bxe5
Bxe5 28. Qxe5 Qc6 29. a4 f6 30. Qe2 Qc8 31. b5 Rf7 32. bxa6 Rxa6 33. Rb4 Kg7
34. Rab1 Rc6 35. Rb6 Rfc7 36. Qb2 Rxb6 37. Qxb6 Qd7 38. a5 Kf7 39. Rb4 e5 40.
a6 bxa6 41. Qxa6 1/2-1/2

[Event "Landesklasse Ost 2015/2016"]
[Site "?"]
[Date "2016.03.13"]
[Round "7"]
[White "Heinke, Jasper"]
[Black "Pietsch, Karsten"]
[Result "1-0"]
[WhiteElo "1871"]
[BlackElo "1668"]
[PlyCount "69"]
[EventDate "2016.??.??"]
[WhiteTeam "SV Empor Erfurt"]
[BlackTeam "SV Hermsdorf"]

1. d4 Nf6 2. c4 c5 3. d5 b5 4. Qc2 bxc4 5. e4 d6 6. Na3 g6 7. Nxc4 Nbd7 8. b3
Bg7 9. Bb2 O-O 10. Nf3 Ba6 11. Bd3 Nb6 12. O-O Nxc4 13. Bxc4 Bxc4 14. bxc4 Rb8
15. Bc3 Qd7 16. Rfe1 Nh5 17. Bxg7 Nxg7 18. e5 Rb4 19. a3 Qa4 20. Qxa4 Rxa4 21.
exd6 exd6 22. Re7 Nf5 23. Rd7 Re8 24. Kf1 Re7 25. Rd8+ Kg7 26. g4 Nd4 27. Nxd4
cxd4 28. Rxd6 Rxc4 29. Rd1 Kf8 30. Ra6 Rd7 31. d6 Ke8 32. Ke2 d3+ 33. Rxd3 Rxg4
34. Rc6 Kd8 35. Rb3 1-0

[Event "Landesklasse Ost 2015/2016"]
[Site "?"]
[Date "2016.03.13"]
[Round "7"]
[White "Roeder, Franz"]
[Black "Thiemann, Jürgen"]
[Result "0-1"]
[WhiteElo "945"]
[BlackElo "1692"]
[PlyCount "96"]
[EventDate "2016.??.??"]
[WhiteTeam "SV Hermsdorf"]
[BlackTeam "SV Empor Erfurt"]

1. e4 c6 2. d4 d5 3. Nc3 dxe4 4. Nxe4 Nd7 5. Nf3 Ngf6 6. Bd3 Nxe4 7. Bxe4 Qc7
8. Be3 Nf6 9. Bd3 Bg4 10. h3 Bh5 11. g4 Bg6 12. Bxg6 hxg6 13. Qd3 Nxg4 14.
O-O-O Nf6 15. Kb1 e6 16. Qc3 Bd6 17. Ne5 Nd5 18. Qb3 Nxe3 19. Qxe3 Bxe5 20.
Qxe5 Qxe5 21. dxe5 Rd8 22. Rxd8+ Kxd8 23. Rd1+ Ke7 24. Rd3 Rd8 25. f4 f6 26. b4
fxe5 27. fxe5 Rd5 28. Rxd5 exd5 29. Kc1 Ke6 30. Kd2 Kxe5 31. Ke3 g5 32. c3 b6
33. a3 c5 34. a4 d4+ 35. cxd4+ cxd4+ 36. Kd3 Kd5 37. a5 b5 38. a6 Ke5 39. Ke2
Ke4 40. Kd2 d3 41. Ke1 Ke3 42. Kd1 d2 43. Kc2 Ke2 44. Kb2 d1=Q 45. Ka2 Kd2 46.
h4 Kc2 47. hxg5 Qb1+ 48. Ka3 Qb3# 0-1

[Event "Landesklasse Ost 2015/2016"]
[Site "?"]
[Date "2016.03.13"]
[Round "7"]
[White "Sunderbrink, Heino"]
[Black "Wagner, Günther"]
[Result "1-0"]
[WhiteElo "1887"]
[BlackElo "1776"]
[PlyCount "89"]
[EventDate "2016.??.??"]
[WhiteTeam "SV Medizin Erfurt"]
[BlackTeam "SV Jenapharm Jena"]

1. Nf3 c5 2. g3 Nf6 3. Bg2 d5 4. c4 e6 5. O-O Nc6 6. b3 Be7 7. Bb2 O-O 8. e3
Bd7 9. Nc3 a6 10. Qe2 Qc7 11. Rfd1 Rfe8 12. cxd5 exd5 13. d4 Be6 14. dxc5 Bxc5
15. Rac1 Ba7 16. Na4 Qe7 17. Nd4 Nxd4 18. Bxd4 Bxd4 19. Rxd4 Rac8 20. Rcd1 Red8
21. Qd2 Qc7 22. e4 b5 23. Nb2 Qc2 24. exd5 Qxd2 25. R4xd2 Bd7 26. Nd3 Bg4 27.
f3 Bf5 28. Nb4 Rd6 29. Nc6 Kf8 30. g4 Bd7 31. Ne5 Be8 32. f4 Nd7 33. Kf2 f6 34.
Nxd7+ Bxd7 35. Bf3 Rc3 36. Rd3 Rc5 37. Ke3 g5 38. fxg5 fxg5 39. Kd4 Rc2 40. Ke5
Ke7 41. R1d2 Rc1 42. Re3 h6 43. h3 Rc7 44. Kd4+ Kf6 45. Be4 1-0

[Event "Landesklasse Ost 2015/2016"]
[Site "?"]
[Date "2016.03.13"]
[Round "7"]
[White "Riedel, Hans-Joachim"]
[Black "Zeuner, Ulrich"]
[Result "1-0"]
[WhiteElo "1769"]
[BlackElo "1930"]
[PlyCount "95"]
[EventDate "2016.??.??"]
[WhiteTeam "SV Jenapharm Jena"]
[BlackTeam "SV Medizin Erfurt"]

1. e4 e5 2. Bc4 Nf6 3. d4 exd4 4. Nf3 Nc6 5. e5 d5 6. Bb5 Ne4 7. Nxd4 Bd7 8.
Bxc6 bxc6 9. O-O c5 10. Nf3 Bb5 11. Re1 Be7 12. Be3 O-O 13. Nbd2 f5 14. exf6
Nxf6 15. c3 Ng4 16. Qc2 Bd7 17. Nb3 Rxf3 18. gxf3 Ne5 19. Qe2 Qf8 20. Nd2 Re8
21. Kh1 Bc6 22. Bd4 Bd6 23. Bxe5 Rxe5 24. Qd3 c4 25. Qd4 Rh5 26. Qg4 Rxh2+ 27.
Kg1 Rh6 28. Kf1 Bf4 29. Nxc4 dxc4 30. Rad1 Bd6 31. Qxc4+ Qf7 32. Qxc6 Rh1+ 33.
Ke2 Qe6+ 34. Qe4 Rxe1+ 35. Kxe1 Qf7 36. Qd5 h5 37. Qxf7+ Kxf7 38. Rd5 g6 39.
Ra5 Kf6 40. Rxa7 h4 41. Kf1 g5 42. Kg2 Kf5 43. Ra5+ Kf4 44. Ra4+ Kf5 45. Re4
Bf4 46. Re8 Bc1 47. b3 Kf4 48. Re4+ 1-0

[Event "Landesklasse Ost 2015/2016"]
[Site "?"]
[Date "2016.03.13"]
[Round "7"]
[White "Kube, Hannelore"]
[Black "Skarus, Steffen"]
[Result "1/2-1/2"]
[WhiteElo "1836"]
[BlackElo "1768"]
[PlyCount "36"]
[EventDate "2016.??.??"]
[WhiteTeam "SV Medizin Erfurt"]
[BlackTeam "SV Jenapharm Jena"]

1. c4 e5 2. Nc3 Nc6 3. g3 d6 4. Bg2 f5 5. d3 Nf6 6. e4 fxe4 7. dxe4 Be7 8. Nge2
O-O 9. O-O Be6 10. Nd5 Qd7 11. f3 Rac8 12. Be3 Qe8 13. b4 b6 14. Qd2 Kh8 15.
Rac1 Nb8 16. c5 dxc5 17. Nxe7 Qxe7 18. bxc5 b5 1/2-1/2